| 000 | 00653nam a2200181 4500 | ||
|---|---|---|---|
| 999 |
_c17368 _d17368 |
||
| 008 | 221003b ||||| |||| 00| 0 eng d | ||
| 020 | _a9781506379616 | ||
| 082 |
_22020 _aDC 320.072 _bP765 |
||
| 100 |
_aPollock, Phillip H., III _946219 |
||
| 245 |
_aThe essentials of political analysis / _cPhillip H. Pollock III and Barry C. Edwards. |
||
| 250 | _aSixth edition. | ||
| 260 |
_aCalifornia : _bSage, _c©2020. |
||
| 300 |
_axxvi, 342 pages : _billustrations ; _c25 cm. |
||
| 500 | _aIncludes index. | ||
| 650 |
_aPolitical science _xResearch _xMethodology _xTextbooks. _918141 |
||
| 700 |
_aEdwards, Barry C. _eauthor. _946220 |
||
| 942 |
_2ddc _cDC |
||